| 000 | 00385nam a2200085Ia 4500 | ||
|---|---|---|---|
| 008 | 180130s9999 xx 000 0 und d | ||
| 245 | _aHand to hand : touch enactment or touch analysis? | ||
| 300 | _aBook title: Somatic experience in psychoanalysis and psychotherapy : in the expressive language of the living--Acession number C20994; pages 47-57 | ||
| 650 | _aPSYCHOANALYSIS, PSYCHOTHERAPY | ||
| 999 |
_c354623 _d354623 |
||